| 000 | 00415nam a2200181Ia 4500 | ||
|---|---|---|---|
| 008 | 210210b2015 xxu||||| |||| 00| 0 eng d | ||
| 020 | _a9788121905992 | ||
| 041 | _aeng | ||
| 082 | _a531 MATM | ||
| 100 | _aMATHUR (D S) | ||
| 245 | _aMechanics | ||
| 260 |
_aNew Delhi _bS. Chand & Co. Ltd. _c2015 |
||
| 300 | _a834 | ||
| 650 | _aMechanics | ||
| 690 | _aMechanics | ||
| 700 | _aHEMNE (P S) | ||
| 906 | _a070746 | ||
| 999 |
_c120127 _d120127 |
||